000 00806nmc a2200289 a 4500
003 AR-BaBNM
005 20251128205358.0
008 247019s1996 ||||||||||||||000 | spa||
020 _a0-929157-32-X
040 _cAR-BaBNM
245 1 0 _a17 narradoras latinoamericanas
246 1 _aDiecisiete narradoras latinoamericanas
250 _a1ª ed.
260 _aSantafé de Bogotá
_bCERLALC
_bUNESCO
_bAique
_c1996
300 0 _a222 p.
_bil.
490 0 _aCoedición latinoamericana
_vv. 10
650 4 _aCUENTOS
650 4 _aLITERATURA LATINOAMERICANA
650 4 _aANTOLOGIAS
650 4 _aLITERATURA CONTEMPORANEA
650 4 _aMUJERES
655 _aLITERATURA
700 1 _aRivera Izcoa, Carmen
_eeditor
700 1 _aAcevedo, Ramón Luis
_eprologuista
942 _cBK
998 _cMARTIN
999 _c11165
_d11165